The official dictionary of sarcasm: a lexicon for those of us who are better and smarter than the rest of you
Sparad:
| Huvudupphovsman: | |
|---|---|
| Materialtyp: | Bok |
| Språk: | engelska |
| Publicerad: |
New York, Estados Unidos
Sterling Innovation
2010
|
| Upplaga: | First edition |
| Ämnen: | |
| Taggar: |
Lägg till en tagg
Inga taggar, Lägg till första taggen!
|
MARC
| LEADER | 00000nam a22000007a 4500 | ||
|---|---|---|---|
| 003 | CL-VaPUC | ||
| 005 | 20220319074455.0 | ||
| 008 | 200109b ||||| |||| 00| 0 eng d | ||
| 999 | |c 376484 |d 376482 | ||
| 020 | |a 9781402769528 | ||
| 040 | |c Pontificia Universidad Católica de Valparaíso | ||
| 041 | 0 | |a eng | |
| 082 | |a 818.602 NAP 2010 | ||
| 100 | 1 | |a Napoli, James |9 605689 | |
| 245 | 1 | 4 | |a The official dictionary of sarcasm: |b a lexicon for those of us who are better and smarter than the rest of you |
| 250 | |a First edition | ||
| 260 | 3 | |a New York, Estados Unidos |b Sterling Innovation |c 2010 | |
| 300 | |a 367 p | ||
| 583 | |c 20200109 |k Daniel Castañeda | ||
| 650 | 0 | 0 | |a Sexo |9 257818 |
| 650 | 0 | 0 | |a Diccionarios |9 256200 |
| 650 | 0 | 0 | |a Relaciones interpersonales |9 307056 |
| 650 | 0 | 0 | |a HUMOR |9 337105 |
| 650 | 0 | 0 | |a SARCASMO |9 605690 |
| 942 | |2 ddc |c BK | ||
| 952 | |0 0 |1 0 |2 ddc |4 0 |6 818_602000000000000_NAP_2010 |7 0 |8 A |9 495930 |a BIBGIM |b BIBGIM |d 2020-01-09 |i 5614201 |o 818.602 NAP 2010 |p 5614201 |r 2025-01-15 |t 1 |w 2020-01-09 |y BK |k ORI | ||